| 000 | 00688cam a2200229 4500 | ||
|---|---|---|---|
| 001 | D16290 | ||
| 008 | 090401t1970 xxu||||| |||| 00| 0 eng d | ||
| 035 | _a(Sirsi) u28403 | ||
| 041 | _aeng | ||
| 050 | _a333.0023 | ||
| 090 | _aRICS 1970/11ABC | ||
| 110 |
_aRoyal Institution of Chartered Surveyors _94900 |
||
| 245 | _aSurveyors and their future: report of the Special (Future of the Profession) Committee. | ||
| 260 |
_aLondon _bRICS _c1970 |
||
| 300 | _a31p. ; 30cm. | ||
| 350 | _a0 | ||
| 650 | _aABOUT RICS-RICS MEMBERS | ||
| 690 | _aMANAGEMENT-BUSINESS MANAGEMENT-PROFESSIONAL PRACTICE | ||
| 700 |
_aChesterton, Oliver _cSir _xChairman |
||
| 942 | _n0 | ||
| 948 | _c04/03/1997 | ||
| 999 |
_c89265 _d89265 |
||